Jak úspěšně podnikat Díl 1

Salvato in:
Dettagli Bibliografici
Natura: Libro
Lingua:ceco
Pubblicazione: Frýdek-Místek PLISKA 1991
Edizione:1. vyd.
Tags: Aggiungi Tag
Nessun Tag, puoi essere il primo ad aggiungerne!!

MARC

LEADER 00000nam a2200000 4500
001 c024150
005 20221214093909.6
041 0 |a cze 
044 |a CZ 
245 1 0 |a Jak úspěšně podnikat  |b Díl 1 
250 |a 1. vyd. 
264 1 |a Frýdek-Místek  |b PLISKA  |c 1991 
300 |a 128 s.